Phallos : a symbol and its history in the male world /

Salvato in:
Dettagli Bibliografici
Autore principale: Vanggaard, Thorkil (Autore)
Natura: Libro
Lingua:inglese
Pubblicazione: New York : International Universities press, 1974
Tags: Aggiungi Tag
Nessun Tag, puoi essere il primo ad aggiungerne!!

MARC

LEADER 00000nam a22000007i 4500
001 IT\ICCU\UBO\3400539
003 ItRI
005 20260115231824.0
008 080327s1974 xxu|||||| ||||| |||||c
020 |a 082364135X 
040 |b ita  |c importazione bologna sebina 
041 7 |a eng  |2 ISO-639-2 
100 1 |a Vanggaard, Thorkil  |0 IT\ICCU\UBOV\229242  |4 aut 
245 1 0 |a Phallos :  |b a symbol and its history in the male world /  |c Thorkil Vanggaard ; translated from the danish by the author. 
260 |a New York :  |b International Universities press,  |c 1974 
300 |a 208 p. :  |b ill. ;  |c 21 cm. 
942 |2 ddc  |c BK  |n 0 
952 |0 0  |1 0  |4 0  |6 DOC_306_708000000000000_VAN  |7 0  |9 13531  |a BO  |b BO  |d 2026-01-15  |i 1484  |l 0  |o DOC 306.708 VAN  |p BO1484  |r 2026-01-15 23:18:24  |w 2026-01-15  |x [Sebina 5] [1 v.]  |y BK  |z 1 v. 
999 |c 11632  |d 11632